00323nam a2200121Ia 4500008004100000020001400041050001500055100001800070245003500088260004100123300002400164650001300188150202s9999 xx 000 0 und d a373057237 aFIC bFIC  aSeger, Maura. aPrincess McGee /cMaura Seger. aNew York :bSilhouette Books,c1992. a188 pages :c18 cm. aFiction.